000 01279nam a2200265Ia 4500
999 _c54771
_d54771
001 21839
003 GE_BSU
005 20220606165004.0
008 181216s ||||ge |||||||||||||| ||geo||
040 _cGE_BSU
041 _ageo
080 _a811.353.1(076.3) + 371.277.2 მ-97
100 _aმწყერაშვილი, ზ.
_913963
245 _aქართული ენის ტესტი ზოგადი უნარ-ჩვევათა გამომუშავებისათვის :
_bმე-2 კლასი /
_cზ. მწყერაშვილი, მ. ოხანაშვილი.
264 _aთბილისი :
_b[?],
_c2007.
300 _a44 გვ. ;
_c28 სმ.
500 _aწანართი : საქართველოს სახელმწიფო ჰიმნი "თავისუფლება"
541 _h4 ლ.
653 _aქართული ენა
653 _aქართული ენის ტესტი
653 _aზოგადი უნარ-ჩვევათა გამომუშავებისათვის
653 _aმე-2 კლასი
700 _aოხანაშვილი, მ.
_eავტორი
_913996
942 _cBK
_2udc